Statistics for Водоёмы по Городам

Click here to take the quiz!

General Stats

  • This quiz has been taken 180 times
  • The average score is 11 of 20

Answer Stats

ГородаВодоем% Correct
Самара, Казань, Нижний НовгородВолга
90%
Киев, Смоленск, МогилёвДнепр
85%
Сочи, Севастополь, ОдессаЧёрное море
83%
Санкт-Петербург, Рига, СтокгольмБалтийское море
75%
Будапешт, Вена, БелградДунай
75%
Баку, Махачкала, АктауКаспийское море
69%
Париж, Руан, ГаврСена
65%
Каир, Хартум, ЛуксорНил
65%
Ницца, Александрия, Тель-АвивСредиземное море
63%
Новосибирск, Барнаул, СургутОбь
61%
Порт-Судан, Джидда, ХургадаКрасное море
60%
Дубай, Эль-Кувейт, Абу-ДабиПерсидский залив
54%
Сент-Луис, Миннеаполис, МемфисМиссисипи
45%
Санто-Доминго, Кингстон, КанкунКарибское море
44%
Дуйсбург, Страсбург, КëльнРейн
41%
Нанкин, Чунцин, УханьЯнцзы
37%
Сплит, Дубровник, ВенецияАдриатическое море
36%
Нью-Йорк, Олбани, Гленс-ФоллсГудзон
28%
Вьентьян, Пномпень, ПаксеМеконг
22%
Лагос, Дуала, ЛомеГвинейский залив
18%

Score Distribution

Percentile by Number Answered

Percent of People with Each Score

Your Score History

You have not taken this quiz